000 00481nam a2200145Ia 4500
008 210716s2005 xx 000 0 und d
020 _a9781591394365
041 _aeng
082 _a338.04 ENTR
245 _aEntrepreneurs toolkit: tools and techniques to launch and grow your new business.
_bTools and techniques to launch and grow your new business.
250 _a1
260 _aBoston
_bHarvard Business School Press
_c2005
300 _axix,258
650 _aEntrepreneurship
999 _c200639
_d200639